000 00604nam a2200205Ia 4500
003 OSt
005 20230412105446.0
008 210423s2007 xx 000 0 und d
020 _a9780240520247
040 _cAL
041 _aeng
082 _a771.3 TARJ
100 _aTARRANT (Jon).
_986692
245 _aUnderstanding digital cameras: getting the best image from capture to output.
260 _aAmsterdam
_bElsevier India
_c2007
300 _axi,346
_bPB
365 _b1653
_cINR
906 _abest ; cameras: ; capture ; digital ; getting ; image ; output. ; Understanding
942 _2ddc
_cBK
999 _c159561
_d159561